00601nam a2200193Ia 4500008004100000020001400041082001200055100001900067245003100086250000800117260003500125300002300160500001900183600003300202650001200235942000700247952013800254999001500392240925s9999 xx 000 0 und d a707113849 a539 BEI aBeiser, Arthur 0aConcepts of Modern Physics a5th aNew York:bMcGraw-Hillc,1995. a455p.bNAfPirated aIncludes Index aHumanities & Natural Science aPhysics cBK 001040708HUMaUITUbUITUd1995-01-17ePakistan American Commercialg151.28l0o539 BEIpQ0150r2024-09-25 07:11:58w2024-09-25yBK c2649d2649